000 00322nam a22001337a 4500
008 190206b xxu||||| |||| 00| 0 eng d
020 _a9780801662973
041 _aeng
080 _211th
_a615.83
100 _a8
101 _aEGZ
245 _aFoundations of Physical Education and sport
_cWuest,D.A
942 _2udc
_cBK
999 _c54106
_d54106